All 4-Letter Words Starting with “R” - Statistics

General Stats
  • This quiz has been taken 1,754 times
    923 since last reset
  • The average score is 107 of 189
Answer Stats
Word % Correct
rope
89%
race
88%
rain
88%
read
88%
real
88%
rail
87%
rack
86%
rage
85%
raid
84%
ride
84%
roll
84%
rose
84%
rags
83%
rape
83%
rate
83%
rats
83%
reel
83%
ring
82%
rock
82%
role
82%
reed
81%
ripe
81%
runs
81%
rang
80%
rave
80%
rays
80%
rode
80%
rads
79%
reds
79%
rest
79%
room
79%
rule
79%
raps
78%
rare
78%
rear
78%
root
78%
rude
78%
rake
77%
rams
77%
raws
77%
ream
77%
reap
77%
rips
77%
rise
76%
rite
76%
rash
75%
reef
75%
road
75%
roam
75%
rows
75%
rust
75%
rant
74%
reek
74%
rent
74%
roar
74%
rote
74%
rots
74%
rugs
74%
rank
73%
rigs
73%
rile
73%
rick
72%
rims
72%
rush
72%
ruts
72%
rind
71%
ramp
70%
ribs
70%
rice
70%
rids
70%
robs
70%
rods
70%
rung
70%
robe
69%
roof
69%
ruck
69%
rink
68%
rook
68%
rums
68%
raft
67%
rale
67%
rubs
67%
rand
66%
raze
66%
rune
66%
reps
65%
runt
65%
ruse
65%
regs
64%
rend
64%
rove
64%
rime
63%
rill
61%
roan
61%
roos
61%
rasp
60%
refs
60%
rich
60%
ruff
60%
rase
59%
rein
58%
rift
58%
rump
58%
rife
57%
risk
57%
rout
57%
rees
56%
riff
55%
rues
54%
racy
53%
reck
53%
revs
53%
rood
53%
ruby
53%
raff
52%
rins
51%
rive
51%
ruin
51%
romp
50%
rota
50%
rani
49%
rets
49%
rosy
49%
rusk
49%
rath
48%
rems
48%
ragg
47%
ragi
47%
raja
45%
rapt
45%
redo
45%
roti
45%
recs
44%
roms
44%
raga
43%
rais
43%
rebs
43%
roes
42%
roto
42%
riot
41%
ryes
41%
reno
40%
ruth
39%
rube
38%
rely
37%
rifs
37%
rede
36%
rocs
36%
rotl
36%
rato
35%
reft
34%
rolf
34%
rued
34%
razz
33%
repo
33%
rial
33%
roil
33%
rami
32%
ropy
31%
raki
30%
rimy
29%
redd
28%
resh
28%
rete
28%
ruer
28%
rias
27%
roup
27%
rudd
27%
raya
26%
roux
26%
reis
24%
repp
22%
roue
22%
raia
20%
raku
20%
ruly
20%
ritz
19%
rhea
18%
riel
17%
ruga
17%
rhos
15%
reif
14%
rhus
7%
ryas
6%
ryke
6%
rukh
5%
ryot
4%
rynd
3%
ryus
2%
No matching quizzes found
Score Distribution
Percent of People with Each Score
Percentile by Number Answered
Your Score History
You have not taken this quiz since the last reset